| 000 | 00843nam a22002057a 4500 | ||
|---|---|---|---|
| 005 | 20170303161643.0 | ||
| 010 | _a1617EN ENG-117122 | ||
| 020 |
_a9789385936357 _c499.00 |
||
| 035 | _aB-649449-458 | ||
| 035 | _aEN-100654 | ||
| 037 | _bAAKAR | ||
| 082 | _a327.540090512 | ||
| 100 | _aChowdhury, Yamini | ||
| 245 |
_aModi and the world: _cby Yamini Chowdhury [and] Anusua Diya Chowdhury _bthe ring view inside out / |
||
| 260 |
_aNew Delhi _bBlomsbury Pub _c2016 |
||
| 270 |
_asecond floor, LSC building n-4, DDA complexm Pocket C-6&7, Vasant Kunj _bNew Delhi _e110070 |
||
| 300 |
_axxix,317p. _b22cm(HB) _cill. |
||
| 942 |
_2ddc _cEN _h327.540090512 _mCHO |
||
| 999 |
_c102564 _d102564 |
||